000 00290nam a2200121Ia 4500
005 20251222143139.0
008 251222s9999||||xx |||||||||||||| ||spa||
082 _a027.7/G96E
100 _aGutiérrez Muñoz, César
245 0 _aEsto no solo es un sueño:
264 _bPUCP
942 _cLIB
999 _c12217
_d12217